<The> Oxford handbook of analytical sociology
Salvato in:
| Altri autori: | , |
|---|---|
| Natura: | Libro |
| Lingua: | inglese |
| Pubblicazione: |
New York
Oxford University Press
2009
|
| Soggetti: | |
| Tags: |
Nessun Tag, puoi essere il primo ad aggiungerne!!
|
MARC
| LEADER | 00000nam a2200000 4500 | ||
|---|---|---|---|
| 001 | 0223346 | ||
| 005 | 20240314103512.4 | ||
| 020 | |a 978-0-19-921536-2 | ||
| 041 | 0 | |a eng | |
| 044 | |a US | ||
| 245 | 1 | 0 | |a <The> Oxford handbook of analytical sociology |c edited by: Peter Hedström and Peter Bearman |
| 264 | 1 | |a New York |b Oxford University Press |c 2009 | |
| 300 | |a 772 s. | ||
| 610 | 2 | 0 | |a sociológia |
| 610 | 2 | 0 | |a teórie sociologické |
| 610 | 2 | 0 | |a modely sociálne |
| 610 | 2 | 0 | |a teória hier |
| 610 | 2 | 0 | |a experimenty |
| 610 | 2 | 0 | |a etnografia |
| 700 | 1 | |a Hedström, Peter | |
| 700 | 1 | |a Bearman, Peter | |